MARC

LEADER 00000nam0a2200000 4500
001 34214
005 20231030224504.0
035 |a (RuTPU)RU\TPU\book\34598 
035 |a BOOK00001249 
090 |a 34214 
100 |a 20011210d1986 km y0rusy50 ca 
101 0 |a rus 
102 |a RU 
105 |a y z 000zy 
200 1 |a Высокоточные преобразователи угловых перемещений  |f Под ред. А. А. Ахметжанова 
210 |a Москва  |c Энергоатомиздат  |d 1986 
215 |a 127 с. 
610 1 |a автоматические системы 
610 1 |a измерительные преобразователи перемещений 
610 1 |a конструкции 
610 1 |a расчеты 
610 1 |a элементы 
610 1 |a устройства 
675 |a 681.586  |v 3 
702 1 |a Ахметжанов  |b А. А.  |g Абдулкадир Абдурахманович  |4 340 
801 0 |a RU  |b 63413507  |c 20011210  |g PSBO 
801 2 |a RU  |b 63413507  |c 20150416  |g PSBO 
900 |a Элементы и устройства автоматики 
942 |c BK